| 000 | 00000nam##2200000za#4500 |
| 001 | 9.605062 |
| 003 | CaOODSP |
| 005 | 20250403105202 |
| 007 | cr ||||||||||| |
| 008 | 150406|1994||||xxc|||||o f|0| 0 fre|d |
| 040 | |aCaOODSP|bfre |
| 043 | |an-cn--- |
| 086 | 1 |aCS92-N0020/13A-1994F-PDF |
| 245 | 00|aÉvaluation des variables démographiques |h[ressource électronique] |
| 260 | |aOttawa - Ontario : |bStatistique Canada |c1994. |
| 490 | 1 |aTest du recensement national |vno. 13A |
| 500 | |aPublication du recensement historique numérisé par Statistique Canada. |
| 590 | |a12-44-Supp|b2012-12-13 |
| 691 | 07|aDonnées démographiques|2gcpds |
| 691 | 07|aRecensement|2gcpds |
| 691 | 07|aTest|2gcpds |
| 710 | 2 |aStatistique Canada. |
| 830 | #0|aTest du recensement national ;|vno. 13A|w(CaOODSP)9.503762 |
| 856 | 40|ahttp://publications.gc.ca|qPDF|s1103 Ko|uhttps://publications.gc.ca/collections/collection_2012/statcan/rh-hc/CS92-N0020-13A-1994-fra.pdf|yno. 13A |